Statistics for Rock Albums # 7

Click here to take the quiz!

General Stats

  • This quiz has been taken 14 times
  • The average score is 6 of 20

Answer Stats

AlbumYear Of releaseArtist% Correct
Sabbath Bloody Sabbath1973Black Sabbath
92%
Hoy Diver1983Dio
92%
Crazy Nights1987Kiss
85%
Incesticide1992Nirvana
62%
Mr. Bungle1991Mr. Bungle
31%
Pork Soda1993Primus
31%
God Hates us All2001Slayer
31%
Skyscraper1988David Lee Roth
23%
Last Kiss1999Pearl Jam
23%
Welcome To hell1981Venom
23%
The Mandrake Project2024Bruce Dickinson
15%
King For a day, Fool for a lifetime1995Faith No More
15%
Magma2016Gojira
15%
Don't Break the Oath1984Mercyful Fate
15%
Doomsday Machine2005Arch Enemy
8%
To mega Therion1985Celtic Frost
8%
Songbook2011Chris Cornell
8%
Hate Über Alles2022Kreator
0%
Renegades2000Rage Against The Machine
0%
King Animal2012Soundgarden
0%

Score Distribution

Percentile by Number Answered

Percent of People with Each Score

Your Score History

You have not taken this quiz